000
00206 a2200097 4500
001
25673
100
_a
Hafiz, Sherazi
245
_a
Dewan-e-Hafiz
260
_a
_b
Sh Ghulam Ali
_c
1968
090
_c
17367
_d
17367
942
_a
NUST-CAE
_c
M
_c
8188
999
_c
260746
_d
260746